000 00532nam a22001937a 4500
003 KOHA_MİRAKIL
005 20250930143606.0
008 250930b tu ||||| |||| 00| 0 tur d
020 _a9789759025946
040 _aTR-AnABB
_btur
_cTR-AnABB
041 _atur
082 _a833.914
_bNYA 2012
100 1 _aNyary, Josef,
245 1 0 _aHükümdarlar hükümdarı Sargon /
_cJosef Nyary
260 _aAnkara :
_bYurt Kitap,
_c2012
300 _a600 sayfa ;
_c21 cm
650 0 4 _aAlman edebiyatı, roman
942 _2ddc
_cBK
999 _c8978
_d8978
900 _bGizem YORULMAZ